The tabernacle: (Record no. 2513)

000 -LEADER
fixed length control field 00686nam a2200193 a 4500
001 - CONTROL NUMBER
control field :::00000238$&:&@@
003 - CONTROL NUMBER IDENTIFIER
control field OkBaRHE
005 - DATE AND TIME OF LATEST TRANSACTION
control field 20000607103237.0
008 - FIXED-LENGTH DATA ELEMENTS--GENERAL INFORMATION
fixed length control field s1925 j 000 0 eng u
040 ## - CATALOGING SOURCE
Transcribing agency
100 1# - MAIN ENTRY--PERSONAL NAME
Personal name Haldeman, I. M. (Isaac Massey), 1845-1933.
245 14 - TITLE STATEMENT
Title The tabernacle:
Remainder of title priesthood and offerings.
260 ## - PUBLICATION, DISTRIBUTION, ETC. (IMPRINT)
Place of publication, distribution, etc Old Tappan, NJ., :
Name of publisher, distributor, etc Fleming H. Revell Company
Date of publication, distribution, etc c1925
300 ## - PHYSICAL DESCRIPTION
Extent 408 p. : illus. ;
Dimensions 20 cm.
650 ## - SUBJECT ADDED ENTRY--TOPICAL TERM
Topical term or geographic name as entry element Tabernacle
942 ## - ADDED ENTRY ELEMENTS (KOHA)
Source of classification or shelving scheme
Koha item type Books
Copies
Source of classification or shelving scheme Total Renewals Permanent Location Current Location Price effective from Total Checkouts Shelving location Full call number Not for loan Koha item type Damaged status Lost status Date last seen Date checked out Withdrawn status Date acquired Copy number Barcode
  RHEMA Bible Training College 2010-04-14 General StacksBM 654 .H28 Books  2010-04-14  2010-04-14215562
 1RHEMA Bible Training CollegeRHEMA Bible Training College2010-04-141General StacksBM 654 .H28 Books  2018-01-092011-12-15 2010-04-141238